W. A. Mozart (Record no. 134197)

MARC details
000 -LEADER
campo de control de longitud fija 00643nam a2200193 i 4500
001 - NÚMERO DE CONTROL
campo de control 134197
003 - IDENTIFICADOR DE NÚMERO DE CONTROL
campo de control ES-MaACL
005 - FECHA Y HORA DE LA ÚLTIMA TRANSACCIÓN
campo de control 20250520160738.0
007 - CAMPO FIJO DE DESCRIPCIÓN FÍSICA--INFORMACIÓN GENERAL
campo de control de longitud fija t|
008 - DATOS DE LONGITUD FIJA--INFORMACIÓN GENERAL
campo de control de longitud fija 070906s1912 fr ||||1| fre d
100 1# - ENTRADA PRINCIPAL--NOMBRE DE PERSONA
Nombre de persona Wyzewa, Teodor de.
9 (RLIN) 117484
245 10 - MENCIÓN DEL TÍTULO
Título W. A. Mozart
Resto del título : sa vie musicale et son oeuvre de l'enfance a la pleine maturité /
Mención de responsabilidad, etc. par T. de Wyzewa et G. de Saint-Foix.
260 ## - PUBLICACIÓN, DISTRIBUCIÓN, ETC.
Lugar de publicación, distribución, etc. [Evreux :
Nombre del editor, distribuidor, etc. Herissey],
Fecha de publicación, distribución, etc. 1912.
300 ## - DESCRIPCIÓN FÍSICA
Extensión 2 v. ;
Dimensiones 26 cm.
600 #0 - PUNTO DE ACCESO ADICIONAL DE MATERIA--NOMBRE DE PERSONA
Nombre de persona Mozart, Wolfgang Amadeus,
Fechas asociadas al nombre 1756-1791-
Subdivisión general Biografías
9 (RLIN) 223460
700 1# - ENTRADA AGREGADA--NOMBRE PERSONAL
Nombre de persona Saint Foix, G. de.
9 (RLIN) 158282
852 ## - LOCALIZACIÓN
Ubicación ES-MaACL
Número de control de estantería F-1332-33
Holdings
Estatus retirado Estado de pérdida Estado de daño No para préstamo Biblioteca de origen Biblioteca actual Ubicación en estantería Fecha de adquisición Fuente de adquisición Total de préstamos Signatura topográfica completa Código de barras Visto por última vez Precio de reemplazo Tipo de ítem Koha
        Biblioteca del Ateneo de Madrid Biblioteca del Ateneo de Madrid Depósito 2 17/01/2008     F-1332-33 1139690 23/02/2023 23/02/2023 Libro impreso